01586agaaa2200301 45000010005000000030009000050050017000140070009000310080040000400400023000800410013001031000047001161300028001632450169001912500022003602600122003823000033005045080176005375110088007135200157008015380016009585460013009746500056009877000055010437000059010987000065011577000062012223195IT-RoPAU20220918181224.0d cvaizq50131s9999||||xx ||| | || ||und|| aIT-RoPAUcIT-RoPAU aITALIANO aDi Carlo CarlogCodice regista SPICS: 7226 aTRENO DELLE CINQUE (IL) aTRENO DELLE CINQUE (IL)cSceneggiatura: Di Carlo Carlo Vergine Antonio -- Diretto da: Di Carlo CarlopTRENO DELLE CINQUE (IL) (Rif. Codice opera principale : 63195) aEdizione Standard aROMA (ITALIA)bRAI - RADIO TELEVISIONE ITALIANA / Distribuzione: RAIg"1987 (1° ed.: 1991 ; Ed. Lingua Orig.: 1987)" aVHSbsonoro, col.c50 minuti a"Fotografia: Cremonino Mario; Musica: Bacalov Luis; Sceneggiatura: Di Carlo Carlo Vergine Antonio; Scenografia: Bernardi Paolo; Soggetto: Ostuni Lorenzo -- Di Carlo Carlo" a"Merli Adalberto; Maria; Urso Giulia; Molnar Stanko; Ferrero Gloria; Paganini Lil." aALTRI-INTERPRETI: MARINA-CAVALLI CLAUDIO-PARACHINETTO NINO-RICHELMY GINO-LANA OTTAVIO-MARCELLI ADOLFO-FENOGLIO NICOLA-DONALISIOFILM REALIZZATO PER LA TV aPAL, STEREO aITALIANO aDRAMMATICOeFILMS [VHS]xCodice MATERIA SPICS: 9960 aBacalov Luise(musica)gCodice Musica SPICS: 21505 aDi Carlo Carlo e(regista)gCodice regista SPICS: 7226 aDi Carlo Carlo e(soggetto)gCodice Soggetto 2° SPICS: 7226 aOstuni Lorenzo e(soggetto)gCodice Soggetto SPICS: 22449